000
00340 a2200157 4500
001
59998
020
_a
319001664X
040
_c
Anchieta - Pituba
100
_a
Schumann, Johannes
240
1
0
_a
Leichte Tests
_l
por
245
1
0
_a
Leichte Tests
300
_a
147
362
0
_a
2001
650
4
_a
Literatura juvenil em alemão
942
_c
BK
999
_c
59998
_d
59998